[Event "I mi?dzynarodowy turniej szachowy"]
[Site "Jastrzebie-Zdroj"]
[Date "2018.08.21"]
[Round "5.3"]
[White "Poley, Vladimir"]
[Black "Durica, Adam"]
[Result "1-0"]
[BlackElo "2040"]
[WhiteElo "2257"]
[LiveChessVersion "1.4.8"]

1. Nf3 {[%clk 1:26:36]} g6 {[%clk 1:30:11]} 2. c4 {[%clk 1:26:19]} Bg7
{[%clk 1:30:12]} 3. Nc3 {[%clk 1:26:40]} c5 {[%clk 1:30:16]} 4. b3
{[%clk 1:26:04]} Nc6 {[%clk 1:30:10]} 5. Bb2 {[%clk 1:26:25]} e5 {[%clk 1:29:34]}
6. g3 {[%clk 1:26:31]} d6 {[%clk 1:29:23]} 7. Bg2 {[%clk 1:26:46]} Nge7
{[%clk 1:29:44]} 8. O-O {[%clk 1:26:57]} O-O {[%clk 1:29:47]} 9. Ne1
{[%clk 1:26:48]} f5 {[%clk 1:22:07]} 10. f4 {[%clk 1:14:36]} Be6 {[%clk 1:17:30]}
11. Nc2 {[%clk 1:06:02]} e4 {[%clk 1:10:46]} 12. d3 {[%clk 0:53:08]} d5
{[%clk 1:10:57]} 13. Na4 {[%clk 0:51:31]} Bxb2 {[%clk 1:08:24]} 14. Nxb2
{[%clk 0:51:31]} Nd4 {[%clk 1:02:05]} 15. dxe4 {[%clk 0:48:21]} dxe4
{[%clk 1:02:24]} 16. e3 {[%clk 0:48:41]} Nxc2 {[%clk 1:01:30]} 17. Qxc2
{[%clk 0:49:05]} Nc6 {[%clk 1:01:54]} 18. Rfd1 {[%clk 0:46:43]} Qf6
{[%clk 1:02:16]} 19. Na4 {[%clk 0:44:00]} Nb4 {[%clk 1:00:25]} 20. Qc1
{[%clk 0:33:03]} b6 {[%clk 0:56:29]} 21. Bf1 {[%clk 0:31:27]} Rad8
{[%clk 0:55:38]} 22. Nc3 {[%clk 0:25:29]} Rxd1 {[%clk 0:55:24]} 23. Nxd1
{[%clk 0:25:48]} Rd8 {[%clk 0:47:58]} 24. a3 {[%clk 0:24:06]} Nc2
{[%clk 0:43:26]} 25. Ra2 {[%clk 0:20:22]} Ne1 {[%clk 0:43:44]} 26. Be2
{[%clk 0:19:14]} b5 {[%clk 0:35:58]} 27. Rd2 {[%clk 0:17:30]} bxc4
{[%clk 0:30:13]} 28. Qc3 {[%clk 0:13:19]} Rf8 {[%clk 0:26:21]} 29. Qxf6
{[%clk 0:13:36]} Rxf6 {[%clk 0:26:42]} 30. bxc4 {[%clk 0:13:59]} Kg7
{[%clk 0:24:58]} 31. Kf2 {[%clk 0:13:56]} Nf3 {[%clk 0:24:35]} 32. Bxf3
{[%clk 0:14:12]} exf3 {[%clk 0:24:56]} 33. Nb2 {[%clk 0:14:32]} Bg8
{[%clk 0:22:10]} 34. Rd7+ {[%clk 0:13:40]} Kh6 {[%clk 0:22:33]} 35. Nd3
{[%clk 0:06:53]} Ra6 {[%clk 0:21:51]} 36. Ne5 {[%clk 0:07:00]} Rxa3
{[%clk 0:20:34]} 37. g4 {[%clk 0:07:03]} g5 {[%clk 0:15:28]} 38. gxf5
{[%clk 0:05:59]} gxf4 {[%clk 0:15:42]} 39. exf4 {[%clk 0:06:14]} Ra6
{[%clk 0:14:31]} 40. Kxf3 {[%clk 0:05:57]} 1-0

[Event "I mi?dzynarodowy turniej szachowy"]
[Site "Jastrzebie-Zdroj"]
[Date "2018.08.21"]
[Round "5.4"]
[White "Galuszka, Tomasz"]
[Black "Helis, Tadeusz"]
[Result "1/2-1/2"]
[BlackElo "2166"]
[WhiteElo "2022"]
[LiveChessVersion "1.4.8"]

1. e4 {[%clk 1:30:50]} c5 {[%clk 1:29:22]} 2. Nf3 {[%clk 1:31:14]} e6
{[%clk 1:29:45]} 3. d3 {[%clk 1:31:39]} Nc6 {[%clk 1:30:03]} 4. g3
{[%clk 1:32:01]} Nf6 {[%clk 1:30:02]} 5. Bg2 {[%clk 1:32:22]} d5 {[%clk 1:30:08]}
6. Nbd2 {[%clk 1:32:42]} Be7 {[%clk 1:29:46]} 7. O-O {[%clk 1:33:03]} O-O
{[%clk 1:28:29]} 8. Re1 {[%clk 1:32:12]} dxe4 {[%clk 1:28:35]} 9. dxe4
{[%clk 1:32:31]} e5 {[%clk 1:28:59]} 10. c3 Be6 {[%clk 1:22:25]} 11. Qe2
{[%clk 1:26:21]} Qc7 {[%clk 1:17:40]} 12. Nf1 {[%clk 1:25:27]} Rfd8
{[%clk 1:16:11]} 13. Bg5 {[%clk 1:25:20]} Rd7 {[%clk 1:15:42]} 14. Bxf6
{[%clk 1:21:52]} Bxf6 {[%clk 1:16:08]} 15. N3d2 {[%clk 1:12:54]} Rad8
{[%clk 1:15:46]} 16. Nc4 {[%clk 1:12:42]} h6 {[%clk 1:07:01]} 17. Nce3
{[%clk 1:11:44]} Ne7 {[%clk 1:07:23]} 18. h4 {[%clk 1:05:37]} g6 {[%clk 1:01:22]}
19. h5 {[%clk 1:01:37]} Bg5 {[%clk 1:01:07]} 20. hxg6 {[%clk 0:57:42]} fxg6
{[%clk 1:01:33]} 21. Nd5 {[%clk 0:50:37]} Nxd5 {[%clk 1:01:54]} 22. exd5
{[%clk 0:51:01]} Bxd5 {[%clk 1:02:18]} 23. Qxe5 {[%clk 0:51:21]} Qxe5
{[%clk 1:02:38]} 24. Rxe5 {[%clk 0:51:44]} Bf6 {[%clk 1:02:37]} 25. Rxd5
{[%clk 0:50:38]} Rxd5 {[%clk 1:03:04]} 26. Bxd5+ {[%clk 0:51:01]} Rxd5
{[%clk 1:03:26]} 27. Re1 {[%clk 0:50:46]} Kf7 {[%clk 1:03:38]} 1/2-1/2

[Event "I mi?dzynarodowy turniej szachowy"]
[Site "Jastrzebie-Zdroj"]
[Date "2018.08.21"]
[Round "5.5"]
[White "Wiecek, Pawel"]
[Black "Smolka, Marcin"]
[Result "0-1"]
[BlackElo "2170"]
[WhiteElo "1910"]
[LiveChessVersion "1.4.8"]

1. d4 {[%clk 1:30:52]} d5 {[%clk 1:25:18]} 2. c4 {[%clk 1:31:14]} e6
{[%clk 1:25:35]} 3. Nf3 {[%clk 1:31:28]} c6 {[%clk 1:25:54]} 4. Nc3
{[%clk 1:31:33]} dxc4 {[%clk 1:25:40]} 5. a4 {[%clk 1:30:10]} Bb4
{[%clk 1:25:42]} 6. e3 {[%clk 1:30:10]} b5 {[%clk 1:25:59]} 7. Bd2
{[%clk 1:29:47]} a5 {[%clk 1:23:46]} 8. axb5 {[%clk 1:23:33]} Bxc3
{[%clk 1:23:21]} 9. Bxc3 {[%clk 1:23:44]} cxb5 {[%clk 1:23:43]} 10. b3
{[%clk 1:22:28]} Bb7 {[%clk 1:23:36]} 11. bxc4 {[%clk 1:20:32]} b4
{[%clk 1:23:59]} 12. Bb2 {[%clk 1:15:17]} Nf6 {[%clk 1:22:29]} 13. Bd3
{[%clk 1:13:03]} Ne4 {[%clk 1:01:32]} 14. O-O {[%clk 0:57:46]} O-O
{[%clk 0:59:34]} 15. Nd2 {[%clk 0:55:04]} Nxd2 {[%clk 0:45:29]} 16. Qxd2
{[%clk 0:53:41]} Nd7 {[%clk 0:45:47]} 17. Qc2 {[%clk 0:46:59]} h6
{[%clk 0:44:46]} 18. e4 {[%clk 0:47:14]} e5 {[%clk 0:43:11]} 19. dxe5
{[%clk 0:40:13]} Nc5 {[%clk 0:43:15]} 20. Rfd1 {[%clk 0:40:24]} Nxd3
{[%clk 0:37:24]} 21. Rxd3 {[%clk 0:27:21]} Bxe4 {[%clk 0:37:42]} 22. Rxd8
{[%clk 0:27:43]} Bxc2 {[%clk 0:38:07]} 23. Rxf8+ {[%clk 0:28:04]} Kxf8
{[%clk 0:38:33]} 24. Bd4 {[%clk 0:28:11]} Ke8 {[%clk 0:35:27]} 25. Bc5
{[%clk 0:17:49]} Rb8 {[%clk 0:33:15]} 26. f4 {[%clk 0:11:44]} b3 {[%clk 0:32:41]}
27. Bd4 {[%clk 0:09:46]} b2 {[%clk 0:32:54]} 28. Bxb2 {[%clk 0:10:09]} Rxb2
{[%clk 0:33:21]} 29. Rxa5 {[%clk 0:10:31]} Be4 {[%clk 0:33:36]} 30. g4
{[%clk 0:10:52]} Rg2+ {[%clk 0:33:42]} 0-1

[Event "I mi?dzynarodowy turniej szachowy"]
[Site "Jastrzebie-Zdroj"]
[Date "2018.08.21"]
[Round "5.6"]
[White "Berlin, Tatiana"]
[Black "Priechodsky, Radovan"]
[Result "1-0"]
[BlackElo "1790"]
[WhiteElo "2138"]
[LiveChessVersion "1.4.8"]

1. e4 {[%clk 1:30:56]} c5 {[%clk 1:30:46]} 2. f4 {[%clk 1:30:46]} d6
{[%clk 1:30:40]} 3. Nf3 {[%clk 1:30:32]} Nf6 {[%clk 1:30:36]} 4. Nc3
{[%clk 1:30:40]} g6 {[%clk 1:30:30]} 5. Bc4 {[%clk 1:30:59]} Bg7 {[%clk 1:30:39]}
6. d3 {[%clk 1:30:56]} Nc6 {[%clk 1:30:45]} 7. O-O {[%clk 1:31:03]} O-O
{[%clk 1:30:12]} 8. Qe1 {[%clk 1:28:25]} a6 {[%clk 1:27:37]} 9. Qh4
{[%clk 1:28:06]} b5 {[%clk 1:21:47]} 10. Bb3 {[%clk 1:28:18]} Qb6
{[%clk 1:13:53]} 11. Kh1 {[%clk 1:28:13]} a5 {[%clk 1:04:59]} 12. f5
{[%clk 1:28:11]} a4 {[%clk 0:54:48]} 13. Bd5 {[%clk 1:27:18]} b4 {[%clk 0:54:43]}
14. fxg6 {[%clk 1:25:01]} bxc3 {[%clk 0:41:31]} 15. bxc3 {[%clk 1:22:17]} e6
{[%clk 0:29:47]} 16. Bxc6 {[%clk 1:18:37]} Qxc6 {[%clk 0:26:28]} 17. gxh7+
{[%clk 1:18:22]} Nxh7 {[%clk 0:24:05]} 18. Bh6 {[%clk 1:18:02]} Qc7
{[%clk 0:19:48]} 19. Bxg7 {[%clk 1:16:28]} Kxg7 {[%clk 0:20:10]} 20. Ng5
{[%clk 1:16:40]} Rh8 {[%clk 0:20:21]} 21. Rxf7+ {[%clk 1:16:43]} Qxf7
{[%clk 0:19:41]} 22. Nxf7 {[%clk 1:17:11]} Kxf7 {[%clk 0:19:59]} 23. Rf1+
{[%clk 1:17:30]} Ke8 {[%clk 0:19:50]} 24. Qh5+ {[%clk 1:17:45]} Kd7
{[%clk 0:19:12]} 25. Rf7+ {[%clk 1:18:08]} Kc6 {[%clk 0:19:11]} 26. Rxh7
{[%clk 1:18:34]} Rf8 {[%clk 0:19:30]} 27. Rf7 {[%clk 1:18:14]} Bd7
{[%clk 0:19:36]} 28. Rxf8 {[%clk 1:18:18]} Rxf8 {[%clk 0:19:59]} 29. Qd1
{[%clk 1:18:28]} e5 {[%clk 0:20:14]} 30. h3 {[%clk 1:18:51]} 1-0

[Event "I mi?dzynarodowy turniej szachowy"]
[Site "Jastrzebie-Zdroj"]
[Date "2018.08.21"]
[Round "5.7"]
[White "Palczert, Botond"]
[Black "Pilch, Roman"]
[Result "1/2-1/2"]
[BlackElo "2129"]
[WhiteElo "1898"]
[LiveChessVersion "1.4.8"]

1. d4 {[%clk 1:27:43]} Nf6 {[%clk 1:30:53]} 2. c4 {[%clk 1:28:04]} c5
{[%clk 1:31:17]} 3. d5 {[%clk 1:28:22]} b5 {[%clk 1:31:43]} 4. cxb5
{[%clk 1:28:41]} a6 {[%clk 1:32:08]} 5. bxa6 {[%clk 1:29:00]} g6 {[%clk 1:32:29]}
6. Nc3 {[%clk 1:29:17]} Bxa6 {[%clk 1:32:52]} 7. e4 {[%clk 1:29:31]} Bxf1
{[%clk 1:33:12]} 8. Kxf1 {[%clk 1:30:00]} d6 {[%clk 1:33:34]} 9. Nf3
{[%clk 1:30:15]} Bg7 {[%clk 1:33:55]} 10. g3 {[%clk 1:30:25]} O-O
{[%clk 1:34:02]} 11. Kg2 {[%clk 1:30:39]} Nbd7 {[%clk 1:34:17]} 12. a4
{[%clk 1:29:07]} Qb6 {[%clk 1:33:30]} 13. Qc2 {[%clk 1:23:30]} Rfb8
{[%clk 1:33:48]} 14. Nb5 {[%clk 1:21:32]} Ne8 {[%clk 1:31:19]} 15. Nd2
{[%clk 1:20:35]} Qa6 {[%clk 1:25:38]} 16. Ra3 {[%clk 1:19:30]} Nb6
{[%clk 1:22:33]} 17. b3 {[%clk 1:16:37]} Rc8 {[%clk 1:14:55]} 18. Nc4
{[%clk 1:14:17]} Nc7 {[%clk 1:05:17]} 19. Nxc7 {[%clk 1:12:28]} Rxc7
{[%clk 1:05:45]} 20. Bd2 {[%clk 1:02:25]} Nd7 {[%clk 0:53:04]} 21. a5
{[%clk 0:55:34]} Rb8 {[%clk 0:51:34]} 22. Bc3 {[%clk 0:50:08]} Rcb7
{[%clk 0:47:56]} 23. Bxg7 {[%clk 0:45:38]} Kxg7 {[%clk 0:48:24]} 24. Qc3+
{[%clk 0:44:27]} f6 {[%clk 0:48:41]} 25. f4 {[%clk 0:40:57]} Rb4 {[%clk 0:47:23]}
26. Re1 {[%clk 0:39:48]} Qb7 {[%clk 0:41:44]} 27. a6 {[%clk 0:09:31]} Qa8
{[%clk 0:38:58]} 28. Qd3 {[%clk 0:07:07]} Nb6 {[%clk 0:33:34]} 29. Na5
{[%clk 0:07:04]} Rd4 {[%clk 0:32:32]} 30. Qe2 {[%clk 0:07:20]} 1/2-1/2

[Event "I mi?dzynarodowy turniej szachowy"]
[Site "Jastrzebie-Zdroj"]
[Date "2018.08.21"]
[Round "5.8"]
[White "Sieber, Martin"]
[Black "Trybus, Daniel"]
[Result "0-1"]
[BlackElo "1736"]
[WhiteElo "2110"]
[LiveChessVersion "1.4.8"]

1. d4 {[%clk 1:30:48]} Nf6 {[%clk 1:30:35]} 2. Bf4 {[%clk 1:31:10]} g6
{[%clk 1:30:43]} 3. Nd2 {[%clk 1:31:34]} Bg7 {[%clk 1:30:06]} 4. Ngf3
{[%clk 1:31:46]} O-O {[%clk 1:29:56]} 5. e3 {[%clk 1:31:38]} d6 {[%clk 1:30:09]}
6. h3 {[%clk 1:31:04]} Nbd7 {[%clk 1:30:26]} 7. c3 {[%clk 1:30:42]} Qe8
{[%clk 1:30:04]} 8. Qc2 {[%clk 1:27:24]} e5 {[%clk 1:28:26]} 9. dxe5
{[%clk 1:27:48]} dxe5 {[%clk 1:28:53]} 10. Bg5 {[%clk 1:28:00]} Nc5
{[%clk 1:27:13]} 11. Bxf6 {[%clk 1:27:05]} Bxf6 {[%clk 1:27:30]} 12. Ne4
{[%clk 1:27:21]} Nxe4 {[%clk 1:27:15]} 13. Qxe4 {[%clk 1:27:48]} c6
{[%clk 1:26:33]} 14. g4 {[%clk 1:27:03]} Qe7 {[%clk 1:24:57]} 15. O-O-O
{[%clk 1:25:53]} Qc5 {[%clk 1:23:44]} 16. Qc4 {[%clk 1:19:31]} Qa5
{[%clk 1:22:51]} 17. Qb3 {[%clk 1:17:10]} b5 {[%clk 1:20:09]} 18. a3
{[%clk 1:17:08]} Be6 {[%clk 1:19:39]} 19. Qb4 {[%clk 1:16:51]} Qb6
{[%clk 1:19:35]} 20. g5 {[%clk 1:14:33]} Bg7 {[%clk 1:19:19]} 21. Qh4
{[%clk 1:10:53]} a5 {[%clk 1:17:52]} 22. Be2 {[%clk 1:09:35]} b4 {[%clk 1:10:24]}
23. cxb4 {[%clk 1:08:22]} axb4 {[%clk 1:10:52]} 24. Qxb4 {[%clk 1:07:33]} Qxb4
{[%clk 1:11:21]} 25. axb4 {[%clk 1:07:56]} Bb3 {[%clk 1:11:35]} 26. Nd2
{[%clk 1:06:09]} Bxd1 {[%clk 1:11:24]} 27. Rxd1 {[%clk 1:06:21]} Rfb8
{[%clk 1:11:09]} 28. Bc4 {[%clk 1:03:25]} Rxb4 {[%clk 1:10:53]} 29. Kc2
{[%clk 1:03:36]} e4 {[%clk 1:09:14]} 30. Rb1 {[%clk 1:02:30]} Kf8
{[%clk 1:09:10]} 31. b3 {[%clk 1:02:14]} Ra2+ {[%clk 1:08:35]} 32. Kd1
{[%clk 1:02:39]} Rb7 {[%clk 1:08:20]} 33. Rc1 {[%clk 1:02:45]} Rd7
{[%clk 1:07:59]} 34. Rc2 {[%clk 1:03:10]} Rxc2 {[%clk 1:08:14]} 35. Kxc2
{[%clk 1:03:34]} Re7 {[%clk 1:08:38]} 36. Kd1 {[%clk 1:02:53]} h6
{[%clk 1:08:49]} 37. gxh6 {[%clk 1:03:06]} Bxh6 {[%clk 1:09:12]} 38. Ke2
{[%clk 1:03:29]} Kg7 {[%clk 1:09:00]} 39. Nb1 {[%clk 1:02:39]} Kf6
{[%clk 1:09:01]} 40. Nc3 {[%clk 1:02:50]} Kg5 {[%clk 1:09:25]} 41. Kf1
{[%clk 1:01:59]} Bg7 {[%clk 1:09:42]} 42. Ne2 {[%clk 1:02:11]} Be5
{[%clk 1:09:42]} 43. Kg2 {[%clk 1:02:25]} f5 {[%clk 1:10:10]} 44. Ng1
{[%clk 0:58:51]} Ra7 {[%clk 1:10:19]} 45. Ne2 {[%clk 0:57:58]} Kf6
{[%clk 1:10:41]} 46. f3 {[%clk 0:57:33]} exf3+ {[%clk 1:10:12]} 47. Kxf3
{[%clk 0:58:02]} Rh7 {[%clk 1:09:42]} 48. Kg2 {[%clk 0:58:19]} Kg5
{[%clk 1:08:52]} 49. Ng1 {[%clk 0:58:43]} Ra7 {[%clk 1:08:46]} 50. Nf3+
{[%clk 0:58:10]} Kf6 {[%clk 1:09:10]} 51. Ng1 {[%clk 0:58:37]} Ra2+
{[%clk 1:09:29]} 52. Ne2 {[%clk 0:59:01]} Kg5 {[%clk 1:09:05]} 53. Kf3
{[%clk 0:58:28]} Kh4 {[%clk 1:09:21]} 54. Bf7 {[%clk 0:58:48]} g5
{[%clk 1:09:43]} 55. Be6 {[%clk 0:59:10]} g4+ {[%clk 1:09:35]} 56. hxg4
{[%clk 0:59:35]} fxg4+ {[%clk 1:10:01]} 57. Bxg4 {[%clk 0:54:22]} Rxe2
{[%clk 1:10:29]} 58. Kxe2 {[%clk 0:54:44]} Kxg4 {[%clk 1:10:52]} 59. Kd3
{[%clk 0:55:11]} Bd6 {[%clk 1:10:51]} 60. Kc4 {[%clk 0:55:35]} c5
{[%clk 1:11:17]} 0-1

[Event "I mi?dzynarodowy turniej szachowy"]
[Site "Jastrzebie-Zdroj"]
[Date "2018.08.21"]
[Round "5.9"]
[White "Orzechowski, Michal"]
[Black "Horvath, Tomas"]
[Result "0-1"]
[BlackElo "1962"]
[WhiteElo "1651"]
[LiveChessVersion "1.4.8"]

1. d4 {[%clk 1:30:56]} Nf6 {[%clk 1:30:56]} 2. c4 {[%clk 1:31:18]} e6
{[%clk 1:30:58]} 3. Nc3 {[%clk 1:31:26]} Bb4 {[%clk 1:31:19]} 4. Bg5
{[%clk 1:31:10]} h6 {[%clk 1:26:43]} 5. Bxf6 {[%clk 1:31:01]} Qxf6
{[%clk 1:27:06]} 6. e3 {[%clk 1:29:28]} O-O {[%clk 1:26:37]} 7. Nf3
{[%clk 1:27:28]} b6 {[%clk 1:24:31]} 8. Qc2 {[%clk 1:23:28]} Bb7 {[%clk 1:22:07]}
9. Be2 {[%clk 1:23:20]} c5 {[%clk 1:20:23]} 10. O-O {[%clk 1:19:43]} Bxc3
{[%clk 1:19:21]} 11. Qxc3 {[%clk 1:18:08]} Nc6 {[%clk 1:18:31]} 12. d5
{[%clk 1:13:05]} Qxc3 {[%clk 1:17:15]} 13. bxc3 {[%clk 1:13:28]} Na5
{[%clk 1:16:04]} 14. Rfd1 {[%clk 1:13:13]} Ba6 {[%clk 1:15:05]} 15. dxe6
{[%clk 1:09:30]} dxe6 {[%clk 1:15:27]} 16. Nd2 {[%clk 1:08:42]} Rad8
{[%clk 1:14:05]} 17. Kf1 {[%clk 1:07:22]} f5 {[%clk 1:12:32]} 18. f4
{[%clk 1:04:56]} Kh7 {[%clk 1:09:27]} 19. h3 {[%clk 1:00:56]} Rfe8
{[%clk 1:08:48]} 20. Kf2 {[%clk 0:59:46]} e5 {[%clk 1:08:06]} 21. Nf3
{[%clk 0:56:48]} exf4 {[%clk 1:07:44]} 22. exf4 {[%clk 0:57:11]} Bxc4
{[%clk 1:07:42]} 23. Ne5 {[%clk 0:57:25]} Bxe2 {[%clk 1:07:16]} 24. Kxe2
{[%clk 0:57:47]} g5 {[%clk 1:04:37]} 25. Kf3 {[%clk 0:49:49]} Kg7
{[%clk 1:03:51]} 26. Rab1 {[%clk 0:44:59]} Kf6 {[%clk 1:02:45]} 27. Nd7+
{[%clk 0:44:55]} Ke7 {[%clk 1:02:51]} 28. Ne5 {[%clk 0:45:16]} Ke6
{[%clk 1:00:46]} 29. Ke3 {[%clk 0:39:48]} Rg8 {[%clk 0:55:48]} 30. g3
{[%clk 0:35:46]} h5 {[%clk 0:54:44]} 31. Kf3 {[%clk 0:28:41]} g4+
{[%clk 0:42:42]} 32. Kg2 {[%clk 0:24:21]} Nb7 {[%clk 0:41:18]} 33. h4
{[%clk 0:23:08]} Nd6 {[%clk 0:40:50]} 34. Rd3 {[%clk 0:23:11]} Ne4
{[%clk 0:37:29]} 35. Rbd1 {[%clk 0:22:17]} Rxd3 {[%clk 0:37:53]} 36. Rxd3
{[%clk 0:22:40]} Rg7 {[%clk 0:36:14]} 37. a4 {[%clk 0:18:45]} c4 {[%clk 0:32:46]}
38. Nxc4 {[%clk 0:13:39]} Rc7 {[%clk 0:32:49]} 39. Rd4 {[%clk 0:13:42]} Nxc3
{[%clk 0:32:42]} 40. a5 {[%clk 0:13:20]} b5 {[%clk 0:31:32]} 41. Ne5
{[%clk 0:13:27]} Nd5 {[%clk 0:31:01]} 42. Rd2 {[%clk 0:11:59]} b4
{[%clk 0:28:12]} 43. Rb2 {[%clk 0:10:34]} Ne3+ {[%clk 0:26:44]} 44. Kg1
{[%clk 0:10:09]} Rc1+ {[%clk 0:27:03]} 45. Kh2 {[%clk 0:10:25]} Rc2+
{[%clk 0:27:17]} 46. Rxc2 {[%clk 0:10:49]} Nxc2 {[%clk 0:27:46]} 47. Nc4
{[%clk 0:10:12]} b3 {[%clk 0:27:43]} 48. Kg2 {[%clk 0:10:20]} Ne3+
{[%clk 0:27:45]} 0-1

[Event "I mi?dzynarodowy turniej szachowy"]
[Site "Jastrzebie-Zdroj"]
[Date "2018.08.21"]
[Round "5.10"]
[White "Adamczyk, Piotr"]
[Black "Bakalarz, Mietek"]
[Result "1-0"]
[BlackElo "2289"]
[WhiteElo "1790"]
[LiveChessVersion "1.4.8"]

1. e4 {[%clk 1:30:42]} e5 {[%clk 1:26:46]} 2. Nf3 {[%clk 1:30:22]} Nf6
{[%clk 1:25:14]} 3. Nxe5 {[%clk 1:29:56]} d6 {[%clk 1:25:40]} 4. Nf3
{[%clk 1:30:19]} Nxe4 {[%clk 1:26:05]} 5. d3 {[%clk 1:30:09]} Nf6
{[%clk 1:26:29]} 6. d4 {[%clk 1:29:51]} Bg4 {[%clk 1:25:02]} 7. Be2
{[%clk 1:28:56]} c6 {[%clk 1:24:27]} 8. O-O {[%clk 1:27:29]} Be7 {[%clk 1:24:29]}
9. h3 {[%clk 1:21:44]} Bh5 {[%clk 1:24:54]} 10. Re1 {[%clk 1:20:57]} O-O
{[%clk 1:23:26]} 11. Bg5 {[%clk 1:12:28]} h6 {[%clk 1:20:49]} 12. Bh4
{[%clk 1:11:25]} g5 {[%clk 0:57:25]} 13. Bg3 {[%clk 1:00:07]} Ne4
{[%clk 0:53:35]} 14. Nfd2 {[%clk 0:59:21]} Bxe2 {[%clk 0:51:28]} 15. Qxe2
{[%clk 0:57:48]} Nxg3 {[%clk 0:51:47]} 16. Qxe7 {[%clk 0:57:48]} Qxe7
{[%clk 0:47:22]} 17. Rxe7 {[%clk 0:58:14]} Nf5 {[%clk 0:47:46]} 18. Rxb7
{[%clk 0:57:01]} Nxd4 {[%clk 0:48:03]} 19. Na3 {[%clk 0:56:18]} Na6
{[%clk 0:45:15]} 20. c3 {[%clk 0:53:45]} Ne6 {[%clk 0:38:51]} 21. b4
{[%clk 0:48:00]} Rfb8 {[%clk 0:35:49]} 22. Rxb8+ {[%clk 0:47:24]} Rxb8
{[%clk 0:35:06]} 23. Nac4 {[%clk 0:47:11]} d5 {[%clk 0:29:18]} 24. Ne5
{[%clk 0:44:43]} Rc8 {[%clk 0:23:24]} 25. a4 {[%clk 0:39:10]} d4 {[%clk 0:23:20]}
26. cxd4 {[%clk 0:35:11]} Nxb4 {[%clk 0:23:39]} 27. Nb3 {[%clk 0:31:30]} Rd8
{[%clk 0:21:26]} 28. Nf3 {[%clk 0:27:46]} Rd5 {[%clk 0:16:13]} 29. Rc1
{[%clk 0:26:57]} Nd8 {[%clk 0:14:49]} 30. Kf1 {[%clk 0:24:42]} f6
{[%clk 0:14:17]} 31. Ke2 {[%clk 0:24:48]} Rd6 {[%clk 0:13:54]} 32. Rc4
{[%clk 0:24:35]} Nd5 {[%clk 0:12:30]} 33. g3 {[%clk 0:23:44]} Re6+
{[%clk 0:09:51]} 34. Kd3 {[%clk 0:20:41]} Re7 {[%clk 0:09:08]} 35. Na5 Kf7 36.
Kd2 {[%clk 0:20:37]} Rc7 {[%clk 0:09:25]} 37. Ne1 {[%clk 0:20:01]} Nb6
{[%clk 0:08:34]} 38. Rb4 {[%clk 0:19:11]} c5 {[%clk 0:08:58]} 39. dxc5
{[%clk 0:19:10]} Rxc5 {[%clk 0:09:38]} 40. Nb3 {[%clk 0:19:01]} Rd5+ 41. Nd3
{[%clk 0:18:13]} Nc6 {[%clk 0:08:06]} 42. Rb5 Rd7 {[%clk 0:07:33]} 43. a5
{[%clk 8:07:08]} Nc4+ {[%clk 0:04:39]} 44. Kc3 {[%clk 0:17:01]} Nd6
{[%clk 0:04:35]} 45. Rd5 {[%clk 0:14:48]} Ke6 {[%clk 0:04:41]} 46. Rc5
{[%clk 0:14:42]} Ne4+ {[%clk 0:04:55]} 47. Kc4 {[%clk 0:14:03]} Ne7
{[%clk 0:02:09]} 48. Rb5 {[%clk 0:09:21]} Nd6+ {[%clk 0:02:09]} 49. Kb4
{[%clk 0:08:22]} Nd5+ {[%clk 0:02:37]} 50. Rxd5 {[%clk 0:07:47]} Kxd5
{[%clk 0:03:01]} 51. Ndc5 {[%clk 0:07:40]} Rc7 {[%clk 0:02:27]} 52. a6
{[%clk 0:07:51]} Rc6 {[%clk 0:02:30]} 1-0

[Event "I mi?dzynarodowy turniej szachowy"]
[Site "Jastrzebie-Zdroj"]
[Date "2018.08.21"]
[Round "5.12"]
[White "Raszka, Janusz"]
[Black "Kordela, Monika"]
[Result "1-0"]
[BlackElo "1632"]
[WhiteElo "2140"]
[LiveChessVersion "1.4.8"]

1. e4 {[%clk 1:30:51]} c5 {[%clk 1:30:56]} 2. Nf3 {[%clk 1:31:12]} d6
{[%clk 1:31:21]} 3. d4 {[%clk 1:31:31]} cxd4 {[%clk 1:31:44]} 4. Nxd4
{[%clk 1:31:46]} Nf6 {[%clk 1:32:08]} 5. Nc3 {[%clk 1:31:50]} g6 {[%clk 1:32:31]}
6. Be2 {[%clk 1:32:01]} a6 {[%clk 1:32:36]} 7. a4 {[%clk 1:32:01]} Bg7
{[%clk 1:32:08]} 8. O-O {[%clk 1:32:17]} O-O {[%clk 1:32:29]} 9. Bg5
{[%clk 1:32:32]} Nc6 {[%clk 1:32:19]} 10. Nb3 {[%clk 1:32:45]} Bd7
{[%clk 1:32:19]} 11. f4 {[%clk 1:29:02]} Rc8 {[%clk 1:30:51]} 12. Kh1
{[%clk 1:28:44]} Re8 {[%clk 1:25:38]} 13. Bf3 {[%clk 1:27:48]} Na5
{[%clk 1:20:47]} 14. e5 {[%clk 1:25:34]} dxe5 {[%clk 1:14:51]} 15. fxe5
{[%clk 1:25:51]} Nxb3 {[%clk 1:14:07]} 16. cxb3 {[%clk 1:26:09]} Nh5
{[%clk 1:07:18]} 17. g4 {[%clk 1:22:08]} Bxe5 {[%clk 1:02:38]} 18. gxh5
{[%clk 1:22:26]} Bxc3 {[%clk 1:02:23]} 19. bxc3 {[%clk 1:22:44]} Rxc3
{[%clk 1:02:32]} 20. hxg6 {[%clk 1:20:28]} hxg6 {[%clk 1:02:55]} 21. Bxb7
{[%clk 1:14:37]} Bc6+ {[%clk 1:00:47]} 22. Bxc6 {[%clk 1:14:54]} Qxd1
{[%clk 1:01:04]} 23. Raxd1 {[%clk 1:14:50]} Rxc6 {[%clk 1:01:26]} 24. b4
{[%clk 1:13:27]} Rc4 {[%clk 1:01:11]} 25. Rb1 {[%clk 1:11:52]} f6
{[%clk 1:00:30]} 26. Be3 {[%clk 1:11:46]} Rb8 {[%clk 1:00:24]} 27. Rf4
{[%clk 1:10:25]} Rc3 {[%clk 0:58:01]} 28. Bf2 {[%clk 1:07:15]} Ra3
{[%clk 0:53:25]} 29. b5 {[%clk 1:07:27]} axb5 {[%clk 0:53:47]} 30. axb5
{[%clk 1:07:47]} Kf7 {[%clk 0:53:12]} 31. b6 {[%clk 1:07:48]} e5 {[%clk 0:53:05]}
32. Rc4 {[%clk 1:08:01]} f5 {[%clk 0:52:57]} 33. b7 {[%clk 1:07:56]} 1-0